000 00740nam a2200253Ia 4500
003 OSt
005 20220928102950.0
006 a|||||r|||| 00| 0
007 ta
008 220927b |||||||| |||| 00| 0 hin d
020 _cINR 400.00
024 _a139970
037 _b039, 18/02/2019, Rupa Prkashan
_cTextual
040 _aSDCL
_cSDCL
_bhin
041 _2hin
_ahin
082 _aO152,4N113x, Q8
100 _aDewan Jahidul Ed.
_9401500
245 0 _aNagarjuna Delhi main
260 _aNew Delhi
_bKalyani shiksha parishad
_c2018
300 _a191p.
_ccm.
650 _aHindi
_9391598
942 _hO152,4N113x, Q8
_cTEXL
_2CC
999 _c717368
_d717368